| 000 | 00908 a2200253 4500 | ||
|---|---|---|---|
| 003 | Nust | ||
| 005 | 20170207154028.0 | ||
| 020 | _a0-8493-8134-7 (alk. paper) | ||
| 040 | _cNust | ||
| 082 |
_a614 _b.1 |
||
| 100 | 1 | _aOgle, Robert R | |
| 245 | 0 | 0 |
_aAtlas of human hair microscopic characteristics(EBOOK) _cRobert R. Ogle, Jr., Michelle J. Fox |
| 260 |
_aBoca Raton, Fla. : _bCRC Press, _cc1999 |
||
| 300 |
_axi, 83 p. : _bill. (some col.) ; _c24 cm |
||
| 505 | _a1 Introduction to the Atlas of Human Hair Microscopic Characteristics (Page-1.1) 2 Human Hair Macroscopic Characteristics (Page-2.1) 3 Human Hair Microscopic Characteristics (Page-3.1) | ||
| 650 | 7 |
_aForensic dermatology _xAtlases |
|
| 650 | 7 | _aHair | |
| 650 | 7 | _aHair and fibre analysis | |
| 650 | 7 |
_aHair _xAnalysis _xAtlases |
|
| 650 | 7 | _aH岢 size= | |
| 650 | 7 | _aKriminalteknik | |
| 651 | _aEBOOK | ||
| 700 | 1 | _aFox, Michelle J | |
| 942 |
_2ddc _cBK |
||
| 999 |
_c191996 _d191996 |
||